<?xml version="1.0" encoding="UTF-8"?>
<record
    xmlns:xsi="http://www.w3.org/2001/XMLSchema-instance"
    xsi:schemaLocation="http://www.loc.gov/MARC21/slim http://www.loc.gov/standards/marcxml/schema/MARC21slim.xsd"
    xmlns="http://www.loc.gov/MARC21/slim">

  <leader>01194nam a22003017a 4500</leader>
  <controlfield tag="003">AUA.1</controlfield>
  <controlfield tag="005">20150407164907.0</controlfield>
  <controlfield tag="008">111222t        xxu||||| |||| 00| 0 eng d</controlfield>
  <datafield tag="010" ind1=" " ind2=" ">
    <subfield code="a">8171768</subfield>
  </datafield>
  <datafield tag="020" ind1=" " ind2=" ">
    <subfield code="a">0785250913</subfield>
  </datafield>
  <datafield tag="040" ind1=" " ind2=" ">
    <subfield code="c">F</subfield>
  </datafield>
  <datafield tag="050" ind1=" " ind2=" ">
    <subfield code="a">BS 491.2</subfield>
    <subfield code="b">.W67 2003</subfield>
  </datafield>
  <datafield tag="100" ind1=" " ind2=" ">
    <subfield code="a">DeVries, Simon J.</subfield>
    <subfield code="9">18343</subfield>
  </datafield>
  <datafield tag="245" ind1=" " ind2=" ">
    <subfield code="a">Word Biblical commentary :</subfield>
    <subfield code="b">1 Kings /</subfield>
    <subfield code="c">Simon J. DeVries</subfield>
  </datafield>
  <datafield tag="250" ind1=" " ind2=" ">
    <subfield code="a">2nd. ed.</subfield>
  </datafield>
  <datafield tag="260" ind1=" " ind2=" ">
    <subfield code="a">Nashville :</subfield>
    <subfield code="b">Thomas Nelson Pub.,</subfield>
    <subfield code="c">c2003.</subfield>
  </datafield>
  <datafield tag="300" ind1=" " ind2=" ">
    <subfield code="a">lxiv, 286 p. :</subfield>
    <subfield code="c">24 cm.</subfield>
  </datafield>
  <datafield tag="440" ind1=" " ind2=" ">
    <subfield code="a">Word Biblical commentary :</subfield>
    <subfield code="n">v.12, second edition</subfield>
    <subfield code="9">48910</subfield>
  </datafield>
  <datafield tag="504" ind1=" " ind2=" ">
    <subfield code="a">Include bibliography and index.</subfield>
  </datafield>
  <datafield tag="650" ind1=" " ind2=" ">
    <subfield code="v">1 Kings</subfield>
    <subfield code="x">Bible</subfield>
    <subfield code="y">Commentaries</subfield>
    <subfield code="9">18344</subfield>
  </datafield>
  <datafield tag="700" ind1=" " ind2=" ">
    <subfield code="a">Metzger, Bruce M.</subfield>
    <subfield code="9">18345</subfield>
    <subfield code="4">General ed.</subfield>
  </datafield>
  <datafield tag="700" ind1=" " ind2=" ">
    <subfield code="a">John D.W. Watts</subfield>
    <subfield code="4">Old Testament ed.</subfield>
    <subfield code="9">48912</subfield>
  </datafield>
  <datafield tag="700" ind1=" " ind2=" ">
    <subfield code="a">Watts, James W.</subfield>
    <subfield code="4">Old Testament ed.</subfield>
    <subfield code="9">48913</subfield>
  </datafield>
  <datafield tag="700" ind1=" " ind2=" ">
    <subfield code="a">Ralph P.Martin</subfield>
    <subfield code="4">New Testament ed.</subfield>
    <subfield code="9">48914</subfield>
  </datafield>
  <datafield tag="700" ind1=" " ind2=" ">
    <subfield code="a">Losie, Lynn Allan</subfield>
    <subfield code="4">New Testament ed.</subfield>
    <subfield code="9">48915</subfield>
  </datafield>
  <datafield tag="942" ind1=" " ind2=" ">
    <subfield code="2">lcc</subfield>
    <subfield code="c">REF</subfield>
    <subfield code="h">BS 491.2</subfield>
    <subfield code="i">.W67 2003</subfield>
  </datafield>
  <datafield tag="999" ind1=" " ind2=" ">
    <subfield code="c">13886</subfield>
    <subfield code="d">13886</subfield>
  </datafield>
  <datafield tag="952" ind1=" " ind2=" ">
    <subfield code="0">0</subfield>
    <subfield code="1">0</subfield>
    <subfield code="2">lcc</subfield>
    <subfield code="4">0</subfield>
    <subfield code="7">0</subfield>
    <subfield code="8">REF</subfield>
    <subfield code="a">AUA.1</subfield>
    <subfield code="b">AUA.1</subfield>
    <subfield code="c">REF</subfield>
    <subfield code="d">2011-12-22</subfield>
    <subfield code="e">Donation, Biblical Research Institute</subfield>
    <subfield code="g">25.00</subfield>
    <subfield code="h">AUA006161</subfield>
    <subfield code="l">1</subfield>
    <subfield code="o">BS 491.2 .W67 2003</subfield>
    <subfield code="p">AUA006161</subfield>
    <subfield code="r">2022-11-24 00:00:00</subfield>
    <subfield code="s">2022-11-04</subfield>
    <subfield code="t">v.12</subfield>
    <subfield code="v">25.00</subfield>
    <subfield code="w">2011-12-22</subfield>
    <subfield code="y">REF</subfield>
  </datafield>
</record>
